OECD territorial reviews: Peru 2016
Saved in:
| Format: | Book |
|---|---|
| Language: | English |
| Published: |
Paris
OECD
2016
|
| Series: | OECD territorial reviews
|
| Subjects: | |
| Tags: |
No Tags, Be the first to tag this record!
|
MARC
| LEADER | 00000nam a2200000 4500 | ||
|---|---|---|---|
| 001 | 0228712 | ||
| 005 | 20240314123352.4 | ||
| 020 | |a 978-92-64-26284-3 | ||
| 041 | 0 | |a eng | |
| 044 | |a FR | ||
| 245 | 1 | 0 | |a OECD territorial reviews: Peru 2016 |
| 264 | 1 | |a Paris |b OECD |c 2016 | |
| 300 | |a 300 s. | ||
| 490 | 1 | |a OECD territorial reviews | |
| 830 | 0 | |a OECD territorial reviews | |
| 610 | 2 | 0 | |a rozvoj regionálny |
| 610 | 2 | 0 | |a makroekonomika |
| 610 | 2 | 0 | |a regióny |
| 610 | 2 | 0 | |a mestá |
| 610 | 2 | 0 | |a vidiek |
| 610 | 2 | 0 | |a hospodárstvo národné |
| 610 | 2 | 0 | |a politika regionálna |
| 610 | 2 | 0 | |a urbanizácia |
| 610 | 2 | 0 | |a politika poľnohospodárska |
| 610 | 2 | 0 | |a decentralizácia |
| 610 | 2 | 0 | |a riadenie hospodárske |
| 610 | 2 | 0 | |a Peru |